000
00173nam a22000857a 4500
082
_a
823
100
_a
JEFF KINNEY
245
_a
DIARY OF A WIMPY KID THE THIRD WHEEL
942
_c
BK
999
_c
8407
_d
8407